Minecraft rarest items - Statistics

General Stats
  • This quiz has been taken 577 times
  • The average score is 2 of 9
Answer Stats
Hint Answer % Correct
Kill the wither Nether star
93%
Super rare potato Poisonous Potato
72%
2nd rarest item found in villages Diamond
45%
Most rare item found in villages Emerald
29%
Hardest item to find Light grey dye
3%
Comes From The boss of minecraft Ender egg/Dragon egg
2%
Rarest flower Blue orchid / Lilac
1%
Found from charged pigs (Zombie pigman) Gold/ Golden nugget
1%
Ocean monument Prismarine/Prismarine shard
1%
No matching quizzes found
Score Distribution
Percent of People with Each Score
Percentile by Number Answered
Your Score History
You have not taken this quiz